A jövő héten hozzákezdenek a nemzetközi autóút szegedi szakaszának átépítéséhez
Elmentve itt :
| Dokumentumtípus: | Cikk |
|---|---|
| Megjelent: |
1935-03-06
|
| Sorozat: | Délmagyarország
11 No. 54 |
| Kulcsszavak: | Útépítés Szeged-Kecskemét |
| Online Access: | http://dmarchiv.bibl.u-szeged.hu/60461 |
| LEADER | 00477nab a2200145 i 4500 | ||
|---|---|---|---|
| 001 | delm60461 | ||
| 005 | 20180927144550.0 | ||
| 008 | 180927s1935 hu o 0|| hun d | ||
| 040 | |a SZTE Délmagyarország Archívum |b hun | ||
| 041 | |a hun | ||
| 245 | 0 | 2 | |a A jövő héten hozzákezdenek a nemzetközi autóút szegedi szakaszának átépítéséhez |h [elektronikus dokumentum] |
| 260 | |c 1935-03-06 | ||
| 300 | |a 7 | ||
| 490 | 0 | |a Délmagyarország |v 11 No. 54 | |
| 695 | |a Útépítés Szeged-Kecskemét | ||